Využitie jazykových modelov vo vzdelávaní

Saved in:
Bibliographic Details
Main Author: Parízek, Martin (Author)
Other Authors: Minárik, Ivan (Thesis advisor)
Format: Manuscript Book
Language:Slovak
Published: Bratislava : STU v Bratislave FEI, 2025
Subjects:
Online Access:https://opac.crzp.sk/?fn=detailBiblioFormChildO4Q9G&sid=BA75C2D62745AD5722EB979ED92F&seo=CRZP-detail-kniha
Tags: Add Tag
No Tags, Be the first to tag this record!

MARC

LEADER 00000ntm a22000003a 4500
001 stuzp102528
003 SK-STU
005 20260206102235.1
007 ta
008 150427s2015----xo-----f-mn---000-0-slo-d
040 |a STU  |b slo 
041 0 |a slo 
044 |a xo 
100 1 |a Parízek, Martin  |u 037000  |4 aut  |U FEI Fakulta elektrotechniky a informatiky  |T FEI Ústav multimediálnych informačných a komunikačných technológií  |X 120602  |U E070  |Y 818  |7 120602 
242 0 1 |a Use of Language Models in Education  |y eng 
245 1 0 |a Využitie jazykových modelov vo vzdelávaní 
260 |a Bratislava :  |b STU v Bratislave FEI,  |c 2025 
300 |a 42 s. 
650 4 |a modely  |2 slo 
650 4 |a predikcia  |2 slo 
650 4 |a LLM  |2 slo 
650 4 |a models  |2 eng 
650 4 |a LLM  |2 eng 
650 4 |a prediction  |2 eng 
700 1 |a Minárik, Ivan  |u 037000  |k Z3  |4 ths  |U FEI Fakulta elektrotechniky a informatiky  |T FEI Ústav multimediálnych informačných a komunikačných technológií  |X 12005  |U E070  |Y 818  |7 A000012005 
856 4 |u https://opac.crzp.sk/?fn=detailBiblioFormChildO4Q9G&sid=BA75C2D62745AD5722EB979ED92F&seo=CRZP-detail-kniha